Niekto to rád tekuté
Spotreba alkoholických nápojov na Slovensku za rok 1997. Pôvod slova alkohol. Alkoholické nápoje a ich charakteristika: pivo, víno, šumivé víno, liehoviny a destiláty.
Saved in:
| Format: | Book Chapter |
|---|---|
| Language: | Slovak |
| Subjects: | |
| Tags: |
No Tags, Be the first to tag this record!
|
MARC
| LEADER | 00000naa a2200000 4500 | ||
|---|---|---|---|
| 001 | r033281 | ||
| 005 | 20230727092204.8 | ||
| 041 | 0 | |a slo | |
| 044 | |a CZ | ||
| 245 | 1 | 0 | |a Niekto to rád tekuté |
| 520 | |a Spotreba alkoholických nápojov na Slovensku za rok 1997. Pôvod slova alkohol. Alkoholické nápoje a ich charakteristika: pivo, víno, šumivé víno, liehoviny a destiláty. | ||
| 610 | 2 | 0 | |a nápoje alkoholické |
| 610 | 2 | 0 | |a pivo |
| 610 | 2 | 0 | |a víno |
| 610 | 2 | 0 | |a spotreba |
| 610 | 2 | 0 | |a Slovensko |